Państwa z największą ilością oszustów - Statystyki

Ogólne statystyki
  • Ten quiz został rozwiązany 64 razy
  • Średni wynik to 4 z 10
Statystyki odpowiedzi
Państwo % Poprawnych
Chiny
82%
Indie
64%
Brazylia
59%
Indonezja
48%
Republika Południowej Afryki
43%
Pakistan
39%
Nigeria
34%
Rumunia
25%
Wenezuela
25%
Filipiny
23%
Nie znaleziono quizów pasujących do podanych kryteriów
Rozkład punktacji
Procent ludzi z każdym wynikiem
Percentyl według liczby udzielonych odpowiedzi
Twoja historia wyników
Nie rozwiązałeś tego quizu